000 00526nam a22001817a 4500
003 OSt
005 20201127080739.0
008 150519s1983 dr a 000 0 spa d
040 _aDO-SdBNP
_bspa
_cBNPHU
082 _axxxx
_bC112L
100 1 _aCabanes Vicedo, Santiago
_937804
245 1 0 _aLengua espaƱola estructural 4 /
_cSantiago Cabanes Vicedo.
260 _aSanto Domingo :
_bSusaeta,
_bMundilibro,
_c1983.
300 _a376 p.:
_c21 cm.
590 _aInventariado, 2020/ YL
910 _aYLockward
942 _2ddc
_cLBS1
999 _c49216
_d49216